000 01484cam a22003497a 4500
999 _c232889
_d232889
001 12928981
003 Nust
005 20170224115213.0
008 020913s2002 caua 000 0 eng d
010 _a 2002113023
015 _aGBA2-U3941
020 _a012525251X
040 _aUKM
_cASAB
_dOCLCQ
_dEYM
_dDLC
042 _alccopycat
050 0 0 _aRC848.C5
_bE97 2002
082 0 4 _a616.362406
_221
245 0 0 _aExtracellular matrix and the liver :
_bapproach to gene therapy /
_cedited by Isao Okazaki ... [et al.].
260 _aSan Diego, Calif. ;
_aLondon :
_bAcademic,
_c2003.
300 _a467 p. :
_bill. (some col.) ; 24 cm.
650 0 _aLiver
_xCirrhosis
_xMolecular aspects.
650 0 _aLiver
_xCirrhosis
_xGene therapy.
650 0 _aExtracellular matrix.
650 2 _aLiver Cirrhosis
_xtherapy.
650 2 _aGene Therapy.
650 2 _aExtracellular Matrix.
700 1 _aOkazaki, Isao,
_d1941-
856 4 1 _3Table of contents
_uhttp://www.loc.gov/catdir/toc/els051/2002113023.html
856 4 2 _3Publisher description
_uhttp://www.loc.gov/catdir/description/els051/2002113023.html
856 4 2 _3Book review (E-STREAMS)
_uhttp://www.e-streams.com/es0610/es0610_2804.html
906 _a7
_bcbc
_ccopycat
_d3
_encip
_f20
_gy-gencatlg
942 _2ddc
_cBK